000 00520nam a2200193Ia 4500
005 20230317102954.0
008 131103s9999 xx 000 0 und d
040 _aLoreto College
041 _aEnglish
082 _a891.44
_bROY
100 _aRoy, Kartikeya Chandra
245 _aDewan Kartikeya Chandra Rayer atma-jeevan charit
_cKartikeya Chandra Roy
260 _aCalcutta
_bIndia Associated Pub
_c1956
300 _a208p
650 _aBiography
651 _aAuto-biography
850 _aLCLIB
942 _cBK
999 _c20459
_d70938